banner-ar

بين الاثار الفرعونية والاثار الاسلامية فى مصر / (Record no. 45219)

MARC details
000 -الفاتح
حقل البيانات ثابتة الطول 00680nam a2200205Ia 4500
008 - عناصر البيانات ثابتة الطول - معلومات عامة
حقل البيانات ثابتة الطول 140319s9999 xx 000 0 ara d
040 ## - مصدر الفهرسة
وكالة الفهرسة الأصلية GCL /
وكالة النسخ GCL
082 04 - رقم تصنيف ديوى العشرى
رقم التصنيف ق
رقم المادة 913.031
-- س ب
100 1# - المدخل الرئيسى - إسم شخصى
الإسم الشخصى حسن عبدالوهاب
245 10 - بيان العنوان
العنوان بين الاثار الفرعونية والاثار الاسلامية فى مصر /
بيان المسئوليه,etc حسن عبدالوهاب
700 1# - المدخل الاضافى - اسم شخصى
الإسم الشخصى سامى جبرة
700 1# - المدخل الاضافى - اسم شخصى
الإسم الشخصى الاتحاد البرلمانى الدولى
300 ## - الوصف المادى
التعداد 44 ص
650 04 - المدخل الاضافى بالموضوع-مصطلح موضوعى
مصطلح موضوعي العمارة الاسلامية
650 04 - المدخل الاضافى بالموضوع-مصطلح موضوعى
مصطلح موضوعي الاثار الاسلامية
650 04 - المدخل الاضافى بالموضوع-مصطلح موضوعى
مصطلح موضوعي الاثار الفرعونية
650 04 - المدخل الاضافى بالموضوع-مصطلح موضوعى
مصطلح موضوعي المساجد
942 ## - عناصر المدخل الإضافي( كوها)
مصدر التصنيف او مخطط الترفيف Dewey Decimal Classification
Koha [default] item type كتاب
Holdings
حالة التراجع حالة الفقد حالة تلف ليس للاعارة المكان المؤقت الموقع الحالى تاريخ الاكتساب اجمالي اﻻعارات رقم الطلب الباركود تاريخ اخر مشاهدة تاريخ تفعيل السعر نوع وعاء كوها
        مكتبة القاهرة الكبرى مكتبة القاهرة الكبرى 03/26/2014   ق\913.031\س ب 110341 03/26/2014 03/26/2014 كتاب

Powered By

EGPV